000 00834nam a2200205Ia 4500
008 0000001993 usa 0000000000eng00
090 _aPUS00 G14d
100 1 _aGallati, Barbara Dayer
245 1 0 _aDavid Bates
_c/ essays by Barbara Dayer Gallati ; curated by Dahlia Morgan
300 _a24 p.
_c/ 30 cm.
500 _aExposición realizada en Art Museun de la Universidad Internacional de Florida, Miami, Abril 30 Mayo 29, 1993 \ Con el patronazgo del maestro venezolano Jesús Rafael Soto (q.e.p.d.)
600 0 0 _aBATES, DAVID, 1952/
_xTRABAJOS PICTORICOS
650 1 4 _aARTE CONTEMPORANEO ESTADOUNIDENSE
650 1 4 _xCATALOGOS
650 1 4 _xEXPOSICIONES
650 1 4 _aPINTORES ESTADOUNIDENSES
650 1 4 _aPINTURA ESTADOUNIDENSE
700 1 _aMorgan, Dahlia
999 _c1727
_d1727
260 _aMiami : The Art Museum
_c1993